Manufacturing Processes (Record no. 177782)

MARC details
000 -LEADER
fixed length control field 00435nam a2200181Ia 4500
008 - FIXED-LENGTH DATA ELEMENTS--GENERAL INFORMATION
fixed length control field 240823s9999||||xx |||||||||||||| ||und||
082 ## - DEWEY DECIMAL CLASSIFICATION NUMBER
-- 670 L1
100 ## - MAIN ENTRY--PERSONAL NAME
Personal name Rusinoff S
245 #0 - TITLE STATEMENT
Title Manufacturing Processes
250 ## - EDITION STATEMENT
Edition statement 1st
260 ## - PUBLICATION, DISTRIBUTION, ETC. (IMPRINT)
Date of publication, distribution, etc 1971
Name of publisher, distributor, etc "The times of India Press,Bombay"
500 ## - GENERAL NOTE
General note Transfered
650 ## - SUBJECT ADDED ENTRY--TOPICAL TERM
Topical term or geographic name as entry element Manufacture
942 ## - ADDED ENTRY ELEMENTS (KOHA)
Item type Books
Holdings
Withdrawn status Lost status Damaged status Permanent location Current location Shelving location Date acquired Source of acquisition Cost, normal purchase price Full call number Barcode Date last seen Koha item type
      CENTRAL LIBRARY, NOORUL ISLAM CENTRE FOR HIGHER EDUCATION CENTRAL LIBRARY, NOORUL ISLAM CENTRE FOR HIGHER EDUCATION   05/09/2003 "Academic Book House,Trivandrum" 16.00 670 L1 3127 08/23/2024 Books
Visitors:
Copyright © 2024 Central Library NICHE.  All rights reserved.